00677nam a2200241 a 4500001001300000003000900013005001700022008004100039020001000080082001800090100001800108245001900126260004300145300000900188500003500197505002100232650001600253700001800269902000800287942000700295952011800302999001500420nice12345678IN_TiNIC20260116012159.0050524s1998 laha grp 000 0 urd  ac10000a891.4391bSID aSiddiqi, Arif aMotion Ka Haar aLahorebMatbua Rifah-E-Aam Pressc1998 a159p aincludes index and biblioraphy2 aMap and Appendex aUrdu-Poetry1 aSiddiqi, Arif bSRS cBK 001040708StackRoom-aHMIbHMId2007-06-25g100.00l0o891.4391 SIDp06357r2007-06-25v100.00w2005-05-24yBK c5965d5965